Normal view MARC view
  • RATHINAVEL, DR. G AND S, DR. SELVAKUMAR & SRINIVASAN, DR. R

Entry Personal Name

Number of records used in: 1

001 - CONTROL NUMBER

  • control field: 8583

003 - CONTROL NUMBER IDENTIFIER

  • control field: JRU

005 - DATE AND TIME OF LATEST TRANSACTION

  • control field: 20240930121243.0

008 - FIXED-LENGTH DATA ELEMENTS

  • fixed length control field: 240930|| aca||aabn | a|a d

040 ## - CATALOGING SOURCE

  • Original cataloging agency: JRU
  • Transcribing agency: JRU

100 ## - HEADING--PERSONAL NAME

  • Personal name: RATHINAVEL, DR. G AND S, DR. SELVAKUMAR & SRINIVASAN, DR. R

670 ## - SOURCE DATA FOUND

  • Source citation: Work cat.: (JRU)8714: RATHINAVEL, DR. G AND S, DR. SELVAKUMAR & SRINIVASAN, DR. R., MIDICINAL CHEMISTRY - II : B.PHARMA, 5TH SEMESTER